000 00516nam a2200181Ia 4500
003 GCL
008 140319s9999 xx 000 0 ara d
040 _aGCL /
_cGCL
082 0 4 _a810.8
_bس م
100 1 _aالسيد تقى الدين
245 1 0 _aمن ادب الجاهلين والاسلاميين /
_cالسيد تقى الدين
300 _a252
490 _aكتاب
_v0
650 0 4 _aالادب العربى
650 0 4 _aالادب الجاهلى
650 0 4 _aالمجموعات
942 _2ddc
_cBK
999 _c42891
_d42891